Constitutional law of India (Record no. 530536)

000 -LEADER
fixed length control field 00329nam a22001097a 4500
082 ## - DEWEY DECIMAL CLASSIFICATION NUMBER
Classification number C4x54 Su16
100 ## - MAIN ENTRY--PERSONAL NAME
Personal name Subramaniam, A.
9 (RLIN) 54597
245 ## - TITLE STATEMENT
Title Constitutional law of India
Statement of responsibility, etc by A. Subramaniam and M. Sarojanamma
260 ## - PUBLICATION, DISTRIBUTION, ETC. (IMPRINT)
Place of publication, distribution, etc Haryana
Name of publisher, distributor, etc Allahabad Law Agency
Date of publication, distribution, etc 2024
300 ## - PHYSICAL DESCRIPTION
Extent 552p.
650 ## - SUBJECT ADDED ENTRY--TOPICAL TERM
Topical term or geographic name as entry element Constitutional law - India
9 (RLIN) 54598
Holdings
Withdrawn status Lost status Source of classification or shelving scheme Damaged status Koha normalized classification for sorting Not for loan Permanent location Current location Shelving location Date acquired Full call number Barcode Date last seen Price effective from Koha item type
        C_4X54_SU16   Indian Institute of Public Administration Indian Institute of Public Administration On Display 2025-06-20 C4x54 Su16 Gr25501 2025-06-20 2025-06-20 GR

Powered by Koha